00270nam a2200121Ia 4500008004100000100001000041245002600051260002600077300000800103650001300111942000700124999001700131190216s9999||||xx |||||||||||||| ||und|| aUroob 0aGopalannairude Thaadi bPoorna Pubs Kozhikode a150 aKathakal cBK c24982d24982